Crystalline silicon solar cells / (Record no. 355346)
[ view plain ]
| 000 -LEADER | |
|---|---|
| fixed length control field | 01349cam a2200349 a 4500 |
| 001 - CONTROL NUMBER | |
| control field | 710718 |
| 003 - CONTROL NUMBER IDENTIFIER | |
| control field | Nust- CAS-E |
| 005 - DATE AND TIME OF LATEST TRANSACTION | |
| control field | 20180118181358.0 |
| 008 - FIXED-LENGTH DATA ELEMENTS--GENERAL INFORMATION | |
| fixed length control field | 970923s1998 enka bi 001 0 eng |
| 010 ## - LIBRARY OF CONGRESS CONTROL NUMBER | |
| LC control number | 97042008 |
| 020 ## - INTERNATIONAL STANDARD BOOK NUMBER | |
| International Standard Book Number | 0471971448 |
| 035 ## - SYSTEM CONTROL NUMBER | |
| System control number | (DLC) 97042008 |
| 040 ## - CATALOGING SOURCE | |
| Original cataloging agency | DLC |
| Transcribing agency | DLC |
| Modifying agency | DLC |
| 041 1# - LANGUAGE CODE | |
| Language code of text/sound track or separate title | eng |
| Language code of original | ger |
| 050 00 - LIBRARY OF CONGRESS CALL NUMBER | |
| Classification number | TK2960 |
| Item number | .G64 1998 |
| 082 00 - DEWEY DECIMAL CLASSIFICATION NUMBER | |
| Classification number | 621.31244 |
| Edition number | 21 |
| Author Mark | GEO 1998 |
| 100 1# - MAIN ENTRY--PERSONAL NAME | |
| Personal name | Goetzberger, A. |
| Fuller form of name | (Adolf) |
| 240 10 - UNIFORM TITLE | |
| Uniform title | Sonnenenergie. |
| Language of a work | English |
| 245 10 - TITLE STATEMENT | |
| Title | Crystalline silicon solar cells / |
| Statement of responsibility, etc. | Adolf Goetzberger, Joachim Knobloch, Bernhard Voss ; translated by Rachel Waddington. |
| 260 ## - PUBLICATION, DISTRIBUTION, ETC. | |
| Place of publication, distribution, etc. | Chichester : |
| -- | New York : |
| Name of publisher, distributor, etc. | Wiley, |
| Date of publication, distribution, etc. | c1998. |
| 300 ## - PHYSICAL DESCRIPTION | |
| Extent | xvi, 237 p. : |
| Other physical details | ill. ; |
| Dimensions | 24 cm. |
| 504 ## - BIBLIOGRAPHY, ETC. NOTE | |
| Bibliography, etc. note | Includes bibliographical references and index. |
| 650 #0 - SUBJECT ADDED ENTRY--TOPICAL TERM | |
| Topical term or geographic name entry element | Silicon solar cells. |
| 650 #0 - SUBJECT ADDED ENTRY--TOPICAL TERM | |
| Topical term or geographic name entry element | Photovoltaic power generation. |
| 700 1# - ADDED ENTRY--PERSONAL NAME | |
| Personal name | Knobloch, Joachim, |
| Dates associated with a name | 1934- |
| 700 1# - ADDED ENTRY--PERSONAL NAME | |
| Personal name | Voss, Bernhard, |
| Dates associated with a name | 1926- |
| 856 42 - ELECTRONIC LOCATION AND ACCESS | |
| Materials specified | Publisher description |
| Uniform Resource Identifier | <a href="http://www.loc.gov/catdir/description/wiley031/97042008.html">http://www.loc.gov/catdir/description/wiley031/97042008.html</a> |
| 856 41 - ELECTRONIC LOCATION AND ACCESS | |
| Materials specified | Table of contents |
| Uniform Resource Identifier | <a href="http://www.loc.gov/catdir/toc/wiley022/97042008.html">http://www.loc.gov/catdir/toc/wiley022/97042008.html</a> |
| 906 ## - LOCAL DATA ELEMENT F, LDF (RLIN) | |
| a | 7 |
| b | cbc |
| c | orignew |
| d | 1 |
| e | ocip |
| f | 19 |
| g | y-gencatlg |
| 942 ## - ADDED ENTRY ELEMENTS (KOHA) | |
| Source of classification or shelving scheme | |
| Koha item type | Book |
| Withdrawn status | Lost status | Source of classification or shelving scheme | Damaged status | Not for loan | Permanent Location | Current Location | Shelving location | Date acquired | Source of acquisition | Total Checkouts | Full call number | Barcode | Date last seen | Date last checked out | Cost, replacement price | Price effective from | Koha item type | Collection code | Cost, normal purchase price | Copy number |
|---|---|---|---|---|---|---|---|---|---|---|---|---|---|---|---|---|---|---|---|---|
| US-Pakistan Center for Advanced Studies in Energy (USPCAS-E) | US-Pakistan Center for Advanced Studies in Energy (USPCAS-E) | General Stacks | 04/17/2013 | Victoria co | 2 | 621.31244 GEO 1998 | CAS-E0000230 | 12/19/2016 | 11/29/2016 | 0.00 | 04/18/2014 | Book | ||||||||
| US-Pakistan Center for Advanced Studies in Energy (USPCAS-E) | US-Pakistan Center for Advanced Studies in Energy (USPCAS-E) | 12/31/2015 | Golden | 621.31244 GEO 1998 | CAS-E0001204 | 12/31/2015 | 12/31/2015 | Book | 13292.00 | C.2 |
